000 01086nas a2200373 4500
001 BR2012000623
003 BR-BrBNA
005 20231205120051.0
007 ta
008 230509b bl.|||p| |||| 00| 00por d
040 _aBR-BrBNA
_bpor
_cBiblioteca Nacional de Agricultura
041 _a(Pt)
072 _aQ03
100 1 _aSouza, M.C.L.
100 1 _aJesus, E.F.O. de
100 1 _aLopes, R.T.
100 1 _aSeabra, S.H.
100 1 _aMiranda, Z.B.
100 1 _aAssis, J.T. de
245 1 _aUso da técnica de RPE para avaliação da dose de radiação gama em polpas de pêssego, carambola e caju
650 _aPÊSSEGO
650 _aPRUNUS PERSICA
650 _aCARAMBOLA
650 _aAVERRHOA CARAMBOLA
650 _aCAJU
650 _aANNACARDIUM OCCIDENTALE
650 _aPOLPA
650 _aRADIAÇÃO
650 _aANÁLISE MICROBIANA
650 _aLARVA
773 0 _tHigiêne Alimentar (Brazil)
_xISSN 0101-9171
_g(Jul-Aug 2011), v. 25(198-199) p. 166-169
_wBR2012000623
909 _a202311
_bLúcia
_c55
_dLúcia Elande
942 _2AGRIS
_n0
_cANA
999 _c216918
_d216918